Five Biggest Producing Countries By Product #2 - Statistics

General Stats
  • This quiz has been taken 9,202 times
    8,263 since last reset
  • The average score is 14 of 20
Answer Stats
Rank Country % Correct
Apples (2), Natural Gas (1), Fish (5), Wheat (3) United States
99%
Apples (1), Fish (1), Wheat (1), Iron (1), Gold (1), Silver (2), Aluminium (1) China
97%
Natural Gas (2), Wheat (4), Iron (5), Gold (3), Silver (4), Aluminium (2), Oats (1) Russia
96%
Natural Gas (4), Gold (5), Aluminium (3), Uranium (2), Oats (2) Canada
93%
Iron (3) Brazil
92%
Apples (5), Fish (3), Wheat (2), Iron (4), Aluminium (5) India
91%
Silver (1) Mexico
88%
Iron (2), Gold (2), Silver (5), Uranium (3), Oats (5) Australia
87%
Wheat (5) France
86%
Fish (4) Indonesia
75%
Natural Gas (3) Iran
72%
Apples (3) Turkey
61%
Uranium (4) Niger
57%
Fish (2), Silver (3) Peru
56%
Apples (4), Oats (4) Poland
54%
Uranium (1) Kazakhstan
51%
Gold (4), Aluminium (4) United Arab Emirates
38%
Oats (3) Finland
36%
Natural Gas (5) Qatar
31%
Uranium (5) Namibia
22%
No matching quizzes found
Score Distribution
Percent of People with Each Score
Percentile by Number Answered
Your Score History
You have not taken this quiz since the last reset